| 000 | 00597nam a22002177a 4500 | ||
|---|---|---|---|
| 003 | LK-CoDNM | ||
| 005 | 20250103101519.0 | ||
| 008 | 250103b |||||||| |||| 00| 0 eng d | ||
| 040 |
_aLK-CoDNM _dLK-CoDNM _eLK-CoDNM |
||
| 041 | _aeng | ||
| 080 |
_a3 _bW4 |
||
| 100 | _amarshall g.f.l | ||
| 110 | _aniceville de lionel | ||
| 245 | _aThe butterflies of india burmah and ceylon | ||
| 260 |
_aCulcutta _bculcutta central press co, ld _c1882 |
||
| 300 | _avii, 327p. : ill . map ; 27 cm | ||
| 490 |
_amymphalide _vvol . ii |
||
| 650 | _ascience | ||
| 650 | _aanimal | ||
| 942 | _cBK | ||
| 999 |
_c234711 _d234711 |
||